|
|
|
|
| LEADER |
00609cam a2200205 a 4500 |
| 001 |
0000051518 |
| 005 |
20010412090000.0 |
| 040 |
|
|
|a mod
|
| 041 |
|
|
|a eng
|
| 020 |
0 |
0 |
|a 9838148210
|
| 090 |
0 |
0 |
|a 570.76
|b SIA
|
| 100 |
1 |
0 |
|a Sia
|h Yoon Man
|
| 245 |
1 |
0 |
|a Biologi
|c Sia Yoon Man dan Marshidah Mansur
|
| 260 |
0 |
0 |
|a Subang Jaya
|b Pan Asia Publs.
|c 2000
|
| 300 |
0 |
0 |
|a ii, 348p.
|b ill.
|c 17cm
|
| 440 |
0 |
0 |
|a Ulang kaji skor bestari SPM
|
| 650 |
0 |
0 |
|a Biology
|x Problems, exercises, etc
|
| 650 |
0 |
0 |
|a Biology
|x Study and teaching
|
| 700 |
1 |
1 |
|a Marshidah Mansur
|
| 999 |
|
|
|a 0177247
|b MAWILLA II
|d BOOKS
|e Umum
|f MAWILLA 2
|j AVAILABLE
|q GOOD CONDITION
|